| 000 | 00581nam a2200217Ia 4500 | ||
|---|---|---|---|
| 008 | 101110s9999 xx 000 0 und d | ||
| 041 | _aENGLISH | ||
| 082 | _bSR34602 | ||
| 100 | _aVaz Michael | ||
| 245 | _aMarketing & human resource management (TYBCom) | ||
| 260 |
_c2010 _bManan Prakashan, Mumbai |
||
| 300 | _a334 | ||
| 365 | _b120 | ||
| 520 | _aCommerce | ||
| 546 | _aENGLISH | ||
| 630 | _aMarketing & human resource management (TYBCom) | ||
| 650 | _aCommerce | ||
| 655 | _aCommerce | ||
| 730 | _aMarketing & human resource management (TYBCom) | ||
| 942 | _cBOOK | ||
| 999 |
_c827103 _d827100 |
||